• 首页
  • 本馆介绍
  • 公告通知
  • 最新文献
  • 馆藏检索
  • 电子资源
  • 读者导购
  • 参考咨询
  • 我的图书馆
  • 登录
  • 详细信息显示
  • 放入我的书架
  • 预约/预借图书
  • 作者相关作品
  • 分类相关作品
  • 丛书相关作品
  • 出版社相关作品

书目信息

  • 表格格式
  • 工作单格式
  • 卡片格式
题名:
外科肿瘤病例分析
    
 
作者: Khatri , Vijay P. Khatri原 原著 ;李强 主译
分册:  
出版信息: 北京   人民卫生出版社  2007.02
页数: 362页
开本: 26cm
丛书名:
单 册:
中图分类: R730.56
科图分类:
主题词: 肿瘤--zhong liu--外科学--病案--分析
电子资源:
ISBN: 978-7-117-07722-4
000 01141 nam 000289
001 0100000427
005 20070703161121.60
010    @a978-7-117-07722-4@b精装@dCNY78.00
100    @a20070609d2007 ekmy0chiy50 ea
101 1  @achi@ceng
102    @aCN@b110000
105    @aa a 000yy
200 1  @a外科肿瘤病例分析@Awai ke zhong liu bing li fen xi@d= Clinical scenarios in surgical oncology@zeng@fVijay P. Khatri原著@FVijay P.Khatri yuan zhu@g李强主译
210    @a北京@c人民卫生出版社@d2007.02
215    @a362页@c图@d26cm
320    @a本书章末附参考文献
330    @a本书共有91个病例,按肿瘤的解剖分为20个主要部位,包括了外科肿瘤学的方方面面。本书的每个病例从病史开始,引导读者通过病史描述思考诊断及鉴别诊断,随后给出相关辅助检查及综合的治疗方案。
510 1  @aClinical scenarios in surgical oncology@zeng
606 0  @a肿瘤@Azhong liu@x外科学@x病案@x分析
690    @aR730.56@v4
701  1 @aKhatri@bVijay P.@4原著
701  0 @aVijay P. Khatri原@AVijay P.Khatri yuan@4著
702  0 @a李强@Ali jiang@4主译
801  0 @aCN@bYXSD@c20070703
901    @a1111
905    @aBZT@dR730.56@e2@f6
906    @dCNY78.00@n0@r1
    
    外科肿瘤病例分析= Clinical scenarios in surgical oncology/Vijay P. Khatri原著/李强主译.-北京:人民卫生出版社,2007.02
    362页:图;26cm
    
    
    ISBN 978-7-117-07722-4(精装):CNY78.00
    本书共有91个病例,按肿瘤的解剖分为20个主要部位,包括了外科肿瘤学的方方面面。本书的每个病例从病史开始,引导读者通过病史描述思考诊断及鉴别诊断,随后给出相关辅助检查及综合的治疗方案。
●
相关链接 在五车中查询图书 在当当中查询图书 在豆瓣中查询图书


正题名:外科肿瘤病例分析     索取号:R730.56/2         预约/预借

序号 登录号 条形码 馆藏地/架位号 状态 备注
1 0569262   230189315   样本书库/样003架A面2层3列/ [索取号:R730.56/2] 在馆    
2 0569263   230189313   中心书库中库/ 中库013架B面4列5层6/ [索取号:R730.56/2] 在馆    
3 0569264   230189312   中心书库中库/ 中库013架B面4列5层9/ [索取号:R730.56/2] 在馆    
4 0569265   230189317   中心书库中库/ 中库013架B面4列5层7/ [索取号:R730.56/2] 在馆    
5 0569266   230189314   中心书库中库/ 中库013架B面4列5层8/ [索取号:R730.56/2] 在馆    
6 0569267   230189316   中心书库中库/ 中库014架A面3列7层9/ [索取号:R730.56/2] 在馆    
山东省滨州职业学院图书馆 欢迎您!
大连网信软件有限公司© 版权所有